The Wealth of Nations /

The book provides the best model of success in generals field of economie.

Saved in:
Bibliographic Details
Main Author: Smith, Adam.
Format: Book
Language:English
Published: London : David Campbell, 1991.
Subjects:
Tags: Add Tag
No Tags, Be the first to tag this record!
Institutions: Mạng thư viện Đại học Đà Nẵng
LEADER 01011cam a2200373 i 4500
001 000047243
003 6835
005 20030225150851.0
008 010310|1991 vm 000 eng
020 |a 1857150112 
022 |a T 
040 |a IRC  |c IRC  |d IRC 
041 0 |a eng 
082 1 4 |a 330.153  |b SM-A 
100 1 |a Smith, Adam. 
245 0 4 |a The Wealth of Nations /  |c Adam Smith ; Introduced by D. D. Raphael. 
260 |a London :  |b David Campbell,  |c 1991. 
300 |a 620p. ;  |c 20.5cm. 
520 3 |a The book provides the best model of success in generals field of economie. 
630 0 4 |a Classical Economics. 
630 0 4 |a Schools of economic thought. 
630 0 4 |a Adam Smith. 
630 0 4 |a The Wealth of Nations. 
650 0 4 |a Economics, Classical. 
OWN |a DUT 
999 |a From the UDN01 
TYP |a Monograph 
TYP |a Printed language 
980 |a Mạng thư viện Đại học Đà Nẵng